Minecraft - The Broken Script entities - Statistiken

Allgemein
  • Dieses Quiz wurde 33 mal gespielt
  • Das Durchschnittsergebnis liegt bei 6 aus 16
Antwortstatistiken
Antwort % Korrekt
Null
100%
Circuit
78%
The Broken End
72%
Faraway
61%
Integrity
61%
Curved
39%
Revuxor
39%
Hetzer
33%
Nothingiswatching
33%
xXRam2DieXx
33%
Notexture
22%
Sub Anomaly 1
22%
Herobrine (modded)
17%
R2 (Siluet)
11%
Spectrum 11
6%
Void Mists
6%
Keine übereinstimmenden Quizze gefunden
Verteilung der Resultate
Anzahl Personen mit jedem Resultat
Perzentil nach korrekt beantworteten Fragen
Ihre Resultats-Entwicklung
Sie haben dieses Quiz noch nicht gespielt